Tính hiện thực phê phán qua các tác phẩm của Sê-Khốp

Guardado en:
Detalles Bibliográficos
Autor principal: Trần Thị Hoàng Thanh.
Otros Autores: Vũ Thanh Tâm (hướng dẫn.)
Formato: Libro
Lenguaje:Vietnamese
Publicado: Đà Nẵng, 1993.
Materias:
Etiquetas: Agregar Etiqueta
Sin Etiquetas, Sea el primero en etiquetar este registro!
Thư viện lưu trữ: Mạng thư viện Đại học Đà Nẵng
LEADER 00989cmm a2200337 i 4500
001 000044938
003 3978
005 20040507073558.0
008 010308b1993 vm 000 vie
040 |a IRC  |c IRC  |d IRC 
041 0 |a vie 
082 1 4 |a 891.733  |b TR-T 
100 1 |a Trần Thị Hoàng Thanh. 
245 0 0 |a Tính hiện thực phê phán qua các tác phẩm của Sê-Khốp  |h [Thesis - Luận văn] /  |c Trần Thị Hoàng Thanh thực hiện ; Vũ Thanh Tâm hướng dẫn. 
260 |a Đà Nẵng,  |c 1993. 
300 |a 16tr. ;  |c 24cm. 
600 0 4 |a Chekhov, Anton Pavlovich,  |d 1860-1904. 
630 0 4 |a Sê-Khốp. 
630 0 4 |a Văn học Nga. 
650 0 4 |a Văn học  |x Phê bình. 
700 1 |a Vũ Thanh Tâm,  |e hướng dẫn. 
OWN |a DUT 
999 |a From the UDN01 
TYP |a Computer file 
TYP |a Monograph 
980 |a Mạng thư viện Đại học Đà Nẵng